THE INDIAN PENAL CODE (Record no. 10180)

MARC details
000 -LEADER
fixed length control field 00311nam a22001457a 4500
003 - CONTROL NUMBER IDENTIFIER
control field SGT
020 ## - INTERNATIONAL STANDARD BOOK NUMBER
International Standard Book Number 9789381082980
082 ## - DEWEY DECIMAL CLASSIFICATION NUMBER
Classification number 345,JET
100 ## - MAIN ENTRY--PERSONAL NAME
Personal name JETHMALANI, RAM
245 ## - TITLE STATEMENT
Title THE INDIAN PENAL CODE
260 ## - PUBLICATION, DISTRIBUTION, ETC. (IMPRINT)
Place of publication, distribution, etc INDIA
Name of publisher, distributor, etc THOMSON REUTERS
300 ## - PAGE DESCRIPTION
No. of Pages 1478
650 ## - SUBJECT ADDED ENTRY--TOPICAL TERM
Topical term or geographic name as entry element CRIMINAL LAW
942 ## - ADDED ENTRY ELEMENTS (KOHA)
Source of classification or shelving scheme Dewey Decimal Classification
Koha item type Books
942 ## - ADDED ENTRY ELEMENTS (KOHA)
-- 2
Holdings
Withdrawn status Lost status Source of classification or shelving scheme Damaged status Not for loan Collection code Home library Current library Shelving location Date acquired Vendor Name Cost, normal purchase price Volume Information (Serial or Books or Non-Book Material) SGTU Bill Number Full call number Accession No. (Barcode) Date last seen Bill Date Koha item type Total Checkouts Date last borrowed
    Dewey Decimal Classification   Not For Loan LAW SGT Science & Social Sciences Library SGT Science & Social Sciences Library Reference Book 12/12/2016 TECHNICAL BUREAU INDIA PVT LTD 3750.00 VOLUME -1 SGTU 2002 345,JET FL1097 12/12/2016   Books    
    Dewey Decimal Classification     LAW SGT Science & Social Sciences Library SGT Science & Social Sciences Library Text Book 12/12/2016 TECHNICAL BUREAU INDIA PVT LTD 3750.00 VOLUME -1 SGTU 2002 345,JET FL1098 15/11/2022   Books 6 29/10/2022
    Dewey Decimal Classification   Not For Loan LAW SGT Science & Social Sciences Library SGT Science & Social Sciences Library Reference Book 12/12/2016 TECHNICAL BUREAU INDIA PVT LTD 3750.00 VOLUME -2 SGTU 2002 345,JET FL1099 07/09/2018   Books 3 31/08/2018
    Dewey Decimal Classification     LAW SGT Science & Social Sciences Library SGT Science & Social Sciences Library Text Book 12/12/2016 TECHNICAL BUREAU INDIA PVT LTD 3750.00 VOLUME -2 SGTU 2002 345,JET FL1100 12/12/2016   Books